00585nam a2200205Ia 450000500170000000800410001708200190005810000150007710000190009224500340011126000380014530000160018365000180019965000150021765000190023265000120025194200060026395200950026999900150036420250317043125.0240331s9999 xx 000 0 und d a301bSHA24080 aShaw, M. E aCostanzo, P. R 0aTheories of Social Psychology aNew York,bMcGraw-Hill Inc.c1970 axi, 414 p., aReinforcement aPsychology aPsychoanalysis aSociety cL 001040708LaWERCLbWERCLcSSCd2024-03-31l0o 301 SHAp4080r2024-03-31w2024-03-31yL c1036d1036